| 000 | 00370 a2200109 4500 | ||
|---|---|---|---|
| 001 | ART_25614 | ||
| 005 | 20260410161935.0 | ||
| 008 | 260409a | ||
| 245 | 1 | 0 | _aReflexiones sobre el crecimiento económico |
| 100 | 1 | _aLuzzetti, Carlos A. | |
| 773 | 0 |
_tAnales de la Academia Nacional de Ciencias Económicas _g- Vol. XXXII, (1987) (ene. 1988) _wREV25596 |
|
| 999 |
_c28934 _d28934 |
||